00877nam a2200205 a 450000100060000000300090000600800410001502000150005604000280007108200160009910000400011524500340015525000060018926000370019530000090023250503500024165000240059165000300061565000260064520739CO-ViMGA141112s2004 ck r 000 u spa d a970170049X aCO-ViMGAbspacCO-ViMGA04a658.8 M155v1 aManning, Gerald L.; Reece, Barry L.10aLas ventas en el mundo actual a6 aMexico : bPrentice Hall, c1997 a583p aLas ventas en el mndo actual 2 - - El desarrollo de una estrategia de relaciones 52 - - El desarrollo de una estrategia de producto 106 - - El desarrollo de una estrategia del cliente 156 - - El desarrollo de una estrategia de presentación 214 - - La administración en ventas 374 - - Aplicación de las telecomunicaciones a las ventas 440 14aANALISIS DE MERCADO14aPLANIFICACION ESTRATEGICA14aPROMOCIÓN DE VENTAS